[Event "Madrid-ch Seniors 65 1718"]
[Site "Madrid"]
[Date "2018.01.23"]
[Round "2"]
[White "Bravo Plaza, Luis"]
[Black "Ramos Isasi, Jose Luis"]
[Result "1-0"]
[WhiteElo "1922"]
[BlackElo "1760"]
[PlyCount "95"]
[EventDate "2018.01.22"]
[EventType "swiss"]
[EventRounds "7"]
[EventCountry "ESP"]
[SourceTitle "EXT 2020"]
[Source "ChessBase"]
[SourceDate "2019.10.17"]
[SourceVersion "1"]
[SourceVersionDate "2019.10.17"]
[SourceQuality "1"]

1. e4 c6 2. d4 d5 3. Nc3 dxe4 4. Nxe4 Bf5 5. Ng3 Bg6 6. Nf3 Nd7 7. Bc4 e6 8. 0-0 Ngf6 9. Re1 Be7 10. a4 h6 11. Bb3 0-0 12. Qe2 Nd5 13. c3 Bd6 14. Ne5 Bxe5 15. dxe5 Qc7 16. a5 b5 17. f4 Rab8 18. Bc2 Bxc2 19. Qxc2 c5 20. Qe4 c4 21. f5 Nc5 22. Qg4 Nd3 23. Re4 Nxe5 24. Rxe5 Qxe5 25. Bxh6 Qf6 26. Bg5 Qe5 27. Kh1 Rfe8 28. f6 Nxf6 29. Qh4 Rb7 30. Rf1 Nh7 31. Bf4 Qd5 32. Nh5 Qd3 33. Kg1 e5 34. Re1 Rbe7 35. Be3 Re6 36. Ng3 Nf8 37. Nh5 Ng6 38. Qg5 Qd8 39. Qf5 Nh4 40. Qh3 Rg6 41. Ng3 f5 42. Nxf5 Nxg2 43. Qxg2 Rxg2+ 44. Kxg2 Qxa5 45. Re2 Qc7 46. h4 Qc6+ 47. Kh2 Rf8 48. Ne7+ 1-0